Christopher Columbus : (Record no. 3723)

MARC details
000 -LEADER
fixed length control field 01695cam a2200361 a 4500
001 - CONTROL NUMBER
control field 3723
003 - CONTROL NUMBER IDENTIFIER
control field FISKH
005 - DATE AND TIME OF LATEST TRANSACTION
control field 20250613104106.0
008 - FIXED-LENGTH DATA ELEMENTS--GENERAL INFORMATION
fixed length control field 040503s2005 nyuab j b 001 0beng
010 ## - LIBRARY OF CONGRESS CONTROL NUMBER
LC control number 2004008645
020 ## - INTERNATIONAL STANDARD BOOK NUMBER
International Standard Book Number 1404202439 (lib. bdg.)
040 ## - CATALOGING SOURCE
Original cataloging agency DLC
Transcribing agency DLC
Modifying agency DLC
Language of cataloging eng
043 ## - GEOGRAPHIC AREA CODE
Geographic area code e-sp---
-- n------
-- s------
050 00 - LIBRARY OF CONGRESS CALL NUMBER
Classification number E111
Item number .W465 2005
082 00 - DEWEY DECIMAL CLASSIFICATION NUMBER
Classification number 970.01/5/092
-- B
Edition number 22
100 1# - MAIN ENTRY--PERSONAL NAME
Personal name West, David,
Dates associated with a name 1956-
245 10 - TITLE STATEMENT
Title Christopher Columbus :
Remainder of title the life of a master navigator and explorer /
Statement of responsibility, etc. by David West & Jackie Gaff ; illustrated by Ross Watton.
260 ## - PUBLICATION, DISTRIBUTION, ETC.
Place of publication, distribution, etc. London :
Name of publisher, distributor, etc. Book House,
Date of publication, distribution, etc. 2005
300 ## - PHYSICAL DESCRIPTION
Extent 48 pages :
Other physical details chiefly color illustrations, color maps ;
Dimensions 26 cm
504 ## - BIBLIOGRAPHY, ETC. NOTE
Bibliography, etc. note Includes bibliographical references (p. 46) and index.
520 ## - SUMMARY, ETC.
Summary, etc. Before Christopher Columbus's voyages to the West Indies and Central and South America, Europeans knew nothing of the Americas in the New World. His four journeys, beginning in 1492 and ending in 1504, blazed a sea route west across the Atlantic Ocean
521 8# - TARGET AUDIENCE NOTE
Target audience note 600 <br/>
Source Lexile estimate
521 8# - TARGET AUDIENCE NOTE
Target audience note L <br/>
Source Raz-Plus estimate
600 10 - SUBJECT ADDED ENTRY--PERSONAL NAME
Personal name Columbus, Christopher
Form subdivision Juvenile literature.
650 #0 - SUBJECT ADDED ENTRY--TOPICAL TERM
Topical term or geographic name entry element Explorers
Geographic subdivision America
Form subdivision Biography
-- Juvenile literature.
650 #0 - SUBJECT ADDED ENTRY--TOPICAL TERM
Topical term or geographic name entry element Explorers
Geographic subdivision Spain
Form subdivision Biography
-- Juvenile literature.
651 #0 - SUBJECT ADDED ENTRY--GEOGRAPHIC NAME
Geographic name America
General subdivision Discovery and exploration
-- Spanish
Form subdivision Juvenile literature.
700 1# - ADDED ENTRY--PERSONAL NAME
Personal name Gaff, Jackie.
856 41 - ELECTRONIC LOCATION AND ACCESS
Materials specified Table of contents
Uniform Resource Identifier <a href="http://www.loc.gov/catdir/toc/ecip0417/2004008645.html">http://www.loc.gov/catdir/toc/ecip0417/2004008645.html</a>
906 ## - LOCAL DATA ELEMENT F, LDF (RLIN)
a 7
b cbc
c orignew
d 1
e ecip
f 20
g y-gencatlg
942 ## - ADDED ENTRY ELEMENTS (KOHA)
Source of classification or shelving scheme Dewey Decimal Classification
Koha item type Books
Suppress in OPAC No
Holdings
Withdrawn status Lost status Source of classification or shelving scheme Damaged status Not for loan Collection Home library Current library Shelving location Date acquired Total Checkouts Full call number Barcode Date last seen Copy number Price effective from Koha item type
    Dewey Decimal Classification     Non-Fiction Footprints International School Library Network Toul Tom Poung Campus Footprints International School Library Network Toul Tom Poung Campus TTP Primary Yellow Bookshelves 04/25/2024   WES 970.01 E111.W465 2024-0516 04/25/2024 1 04/25/2024 Books
    Dewey Decimal Classification     Non-Fiction Footprints International School Library Network Toul Tom Poung Campus Footprints International School Library Network Toul Tom Poung Campus TTP Primary Yellow Bookshelves 04/25/2024   WES 970.01 E111.W465 2024-0517 04/25/2024 2 04/25/2024 Books
    Dewey Decimal Classification     Non-Fiction Footprints International School Library Network Toul Tom Poung Campus Footprints International School Library Network Toul Tom Poung Campus TTP Primary Yellow Bookshelves 04/25/2024   WES 970.01 E111.W465 2024-0518 04/25/2024 3 04/25/2024 Books